The study on economic efficiency of household silk handicraft in prey phdao commune, prey kabas district, takeo province; ការសិក្សាពីប្រសិទ្ធភាពសេដ្ឋកិច្ចនៃសិប្បកម្មតម្បាញសូត្រជាលក្ខណៈគ្រួសារ នៅឃុំព្រៃផ្ដៅ ស្រុកព្រៃកប្បាស ខេត្តតាកែវ (Record no. 10855)

000 -LEADER
fixed length control field 00766nam a22001337a 4500
040 ## - CATALOGING SOURCE
Transcribing agency RUA
082 ## - DEWEY DECIMAL CLASSIFICATION NUMBER
Classification number AED SIM 2015 B532 Or.1
100 ## - MAIN ENTRY--AUTHOR NAME
Personal name SIM MARETH; ស៊ីម ម៉ារ៉េត
245 ## - TITLE STATEMENT
Title The study on economic efficiency of household silk handicraft in prey phdao commune, prey kabas district, takeo province; ការសិក្សាពីប្រសិទ្ធភាពសេដ្ឋកិច្ចនៃសិប្បកម្មតម្បាញសូត្រជាលក្ខណៈគ្រួសារ នៅឃុំព្រៃផ្ដៅ ស្រុកព្រៃកប្បាស ខេត្តតាកែវ
260 ## - PUBLICATION, DISTRIBUTION, ETC. (IMPRINT)
Place of publication PHNOM PENH
Name of publisher SIM
Year of publication 2015
300 ## - PHYSICAL DESCRIPTION
Number of Pages xii;49p.
Other physical details ill.
Dimensions 29cm.
856 ## - ELECTRONIC LOCATION AND ACCESS
Uniform Resource Identifier SIM MARETH
942 ## - ADDED ENTRY ELEMENTS (KOHA)
Koha item type AED
952 ## - LOCATION AND ITEM INFORMATION (KOHA)
Withdrawn status [LOCAL, KOHA] 0
952 ## - LOCATION AND ITEM INFORMATION (KOHA)
Withdrawn status [LOCAL, KOHA] 0
952 ## - LOCATION AND ITEM INFORMATION (KOHA)
Withdrawn status [LOCAL, KOHA] 0
952 ## - LOCATION AND ITEM INFORMATION (KOHA)
Withdrawn status [LOCAL, KOHA] 0
952 ## - LOCATION AND ITEM INFORMATION (KOHA)
Withdrawn status [LOCAL, KOHA] 0
952 ## - LOCATION AND ITEM INFORMATION (KOHA)
Withdrawn status [LOCAL, KOHA] 0
952 ## - LOCATION AND ITEM INFORMATION (KOHA)
Withdrawn status [LOCAL, KOHA] 0
952 ## - LOCATION AND ITEM INFORMATION (KOHA)
Withdrawn status [LOCAL, KOHA] 0
Holdings
Permanent Location Date acquired Koha item type Lost status Shelving location Barcode Current Location Full call number
Library Block B2016-11-11AED B532A02688Library Block BAED SIM 2015 B532 Or.1
Library Block B2016-11-11AED B532A02085Library Block BAED SIM 2015 B532 Or.2
Library Block B2016-11-11AED B532A01855Library Block BAED SIM 2015 B532 Or.3
Library Block B2016-11-11AED B532A02160Library Block BAED SIM 2015 B532 Or.4
Library Block B2016-11-11AED B532A02213Library Block BAED SIM 2015 B532 Or.5
Library Block B2016-11-11AED B532A02010Library Block BAED SIM 2015 B532 Or.6
Library Block B2016-11-11AED B532A01866Library Block BAED SIM 2015 B532 Or.7
Library Block B2016-11-11AED B532A02479Library Block BAED SIM 2015 B532 Or.8
មជ្ឈមណ្ឌលឯការនៃសាកលវិទ្យាល័យភូមិន្ទកសិកម្មចំការដូង

Powered by Koha